Matičné čítanie ... kalendár

Bibliographic Details
Other Authors: Mišák, Peter, 1950- (Compiler), Žuffa, Cyril, 1939-2000 (Compiler)
Format: Serial
Language:Slovak
PhysicalDescription:1 zv. 20 cm
Published: Martin Matica slovenská 1990
ISBN:8070901918
Subjects:

MARC

LEADER 00000cas a2200000 a 4500
001 vtls001064027
003 SK-MaSNL
005 20260228160055.0
008 160414d19901990xo ar 0 0b0slo
020 |a 8070901918 
035 |a SNK000006856 
040 |a SNK  |b slo  |c SNK  |e AACR2 
041 0 |a slo 
044 |a xo  |c SK 
072 7 |a 050  |x Seriálové publikácie. Periodiká  |2 konspekt 
072 7 |a 06  |x Organizácie všeobecnej povahy  |2 konspekt 
080 |a 050.9  |2 2011 
080 |a (059)  |2 2011 
080 |a 061.2  |2 2011 
080 |a 82  |2 2011 
245 0 0 |a Matičné čítanie ...  |b kalendár 
260 |a Martin  |b Matica slovenská  |c 1990 
300 |a 1 zv.  |c 20 cm 
310 |a 1x ročne 
362 0 |a 1991 
500 |a Kalendár na r.1991 vyšiel v r.1990 
500 |a Zostavili: Peter Mišák, Cyril Žuffa 
610 2 7 |a Matica slovenská  |2 SNKKA  |9 14662 
650 0 7 |a matičné čítanie  |2 SNKPH  |9 265913 
655 7 |a kalendáre  |2 SNKPH  |9 70450 
700 |a Mišák, Peter,  |d 1950-  |4 com  |9 106471 
700 1 |a Žuffa, Cyril,  |d 1939-2000  |4 com  |9 5447 
710 2 |a Matica slovenská  |4 pbl  |9 14662 
910 |a snk 
916 |a 1991 
919 |a 80-7090-191-8 
999 |c 1302  |d 3232 
952 |0 0  |1 0  |4 0  |7 0  |a SNK  |b SNK  |d 1997-03-11  |l 0  |o snkČSD 1752/1991 D1  |p 17A0053418  |r 2004-12-31 00:00:00  |w 2026-02-21  |y PREZ 
952 |0 0  |1 0  |4 0  |7 0  |a SNK  |b SNK  |d 2022-03-22  |f 1  |i snkKSP 1860/91  |l 0  |o snkČSD 1752/1991  |p 17A0829209  |r 2026-02-21 20:00:32  |w 2026-02-21  |y PREZ 
952 |0 0  |1 0  |4 0  |7 0  |8 1  |a SNK  |b SNK  |d 2022-04-11  |i snkD 1039/91  |l 0  |o snkČSD 1752/1991 D2  |p 17A1191155  |r 2026-02-21 20:01:14  |w 2026-02-21  |y PREZ